Villes avec le plus de milliardaires en 2024 - Statistiques

Statistiques générales
  • Ce quiz a été pris 318 fois
  • Le résultat moyen est 10 sur 20
Statistiques - réponses
Hint Réponse % Correct
44 Paris
98%
117 New York
96%
31 Los Angeles
89%
97 Londres
80%
91 Pékin
78%
59 Moscou
65%
87 Shanghai
62%
57 New Delhi
57%
42 Singapour
52%
31 Seoul
49%
65 Hong Kong
45%
92 Bombay
39%
52 San Francisco
35%
37 Sao Paulo
32%
37 Jakarta
28%
39 Canton
27%
49 Bangkok
25%
45 Taipei
20%
84 Shenzhen
15%
43 Hangzhou
1%
Aucun quiz correspondant
Distribution des résultats
% des personnes avec chaque résultat
Percentile par nombre de réponses
Votre historique - résultats
Vous n’avez pas pris ce quiz